000 00424cam a22001457a 4500
008 180718b2004 xxu||||| |||| 00| 0 eng d
020 _a8122006892
082 _aDx54 K528
245 _aIndia and the new Europe
_cedited by I.P Khosla
260 _aDelhi
_bKonark
_c2004
300 _a270p.
650 _aEurope --Relations --India --Congresses
650 _aIndia --Relations --Europe --Congresses
700 _aKhosla, I.P.
999 _c493058
_d493058